Vista normal
Vista MARC
Entrada Materia (geográfica)
Número de registros utilizados en: 1
001 - CONTROL NUMBER
- control field: 98081
003 - CONTROL NUMBER IDENTIFIER
- control field: Co-BoUCM
005 - DATE AND TIME OF LATEST TRANSACTION
- control field: 20190815083324.0
008 - FIXED-LENGTH DATA ELEMENTS
- fixed length control field: 190815|| aca||aabn | a|a d
040 ## - CATALOGING SOURCE
- Original cataloging agency: Co-BoUCM
- Transcribing agency: Co-BoUCM
151 ## - HEADING--GEOGRAPHIC NAME
- Geographic name: India
- General subdivision: Historia
- Chronological subdivision: 324 a. C.
670 ## - SOURCE DATA FOUND
- Source citation: Work cat.: (Co-BoUCM)313929: Basham, Arthur Llewellyn 1914-1986 98080, El prodigio que fue India, 2009